000 00284nam a22001217a 4500
082 _a510
_bBAN/C
100 _aR.K.BANSAL
245 _aCONCISE MATHEMATICS PART 2
_bCLASS X
260 _aDELHI
_bSELINA PUBLISHERS
_c2011
300 _a503
650 _aMATHS FOR CLASS X
_zINDIA
942 _cBK
999 _c754
_d754